Freedom, a guarantee for everybody : (Record no. 2384)

MARC details
000 -LEADER
fixed length control field 00819cam a2200253 i 4500
001 - CONTROL NUMBER
control field 1273071
003 - CONTROL NUMBER IDENTIFIER
control field GBCCL
005 - DATE AND TIME OF LATEST TRANSACTION
control field 20241126110428.0
008 - FIXED-LENGTH DATA ELEMENTS--GENERAL INFORMATION
fixed length control field 760331s1975 mou 000 0 eng
010 ## -
-- 75034644
020 ## - INTERNATIONAL STANDARD BOOK NUMBER
International Standard Book Number 0882438913 :
Terms of availability $1.25
040 ## - CATALOGING SOURCE
Original cataloging agency DLC
Transcribing agency DLC
Modifying agency DLC
050 10 -
-- BS2665.2
-- .B37
082 00 - DEWEY DECIMAL CLASSIFICATION NUMBER
Classification number 227.106
Item number BAR
100 1# - MAIN ENTRY--PERSONAL NAME
Personal name Barney, Kenneth D.
9 (RLIN) 4938
245 10 - TITLE STATEMENT
Title Freedom, a guarantee for everybody :
Remainder of title adapted from Romans by G. Raymond Carlson /
Statement of responsibility, etc. Kenneth D. Barney.
260 ## - PUBLICATION, DISTRIBUTION, ETC.
Place of publication, distribution, etc. Springfield, Mo. :
Name of publisher, distributor, etc. Gospel Pub. House,
Date of publication, distribution, etc. c1975.
300 ## - PHYSICAL DESCRIPTION
Extent 125 p. ;
Dimensions 18 cm.
490 0# - SERIES STATEMENT
Series statement Radiant books
630 00 - SUBJECT ADDED ENTRY--UNIFORM TITLE
Uniform title Bible.
Name of part/section of a work Romans
General subdivision Criticism, interpretation, etc.
9 (RLIN) 4939
700 1# - ADDED ENTRY--PERSONAL NAME
Personal name Carlson, G. Raymond.
Title of a work Romans.
9 (RLIN) 4940
906 ## - LOCAL DATA ELEMENT F, LDF (RLIN)
a 7
b cbc
c orignew
d 2
e ocip
f 19
g y-gencatlg
942 ## - ADDED ENTRY ELEMENTS (KOHA)
Source of classification or shelving scheme Dewey Decimal Classification
Koha item type Books
Koha issues (borrowed), all copies 1
Holdings
Withdrawn status Lost status Source of classification or shelving scheme Damaged status Not for loan Home library Current Library Shelving location Date acquired Total checkouts Full call number Barcode Date last seen Copy number Price effective from Koha item type Date last checked out
    Dewey Decimal Classification     GRACE BIBLE COLLEGE GRACE BIBLE COLLEGE Biblical Studies 2017-08-09   227.106 BAR 008944 2025-05-01 c.1 2017-08-09 Books  
    Dewey Decimal Classification     GRACE BIBLE COLLEGE GRACE BIBLE COLLEGE Biblical Studies 2018-02-13 1 227.106 BAR 008945 2025-05-01 c.2 2018-02-13 Books 2018-09-25
© Grace Bible College Library 2025